Využívanie metód lokalizácie vo vybranej maloobchodnej prevádzke bakalárska práca

Gespeichert in:
Bibliographische Detailangaben
1. Verfasser: Ubrežiová, Natália
Körperschaft: Podnikovohospodárska fakulta EU so sídlom v Košiciach. Katedra obchodného podnikania
Weitere Verfasser: Kopčáková, Janka, 1994-
Format: Buch
Sprache:Slowakisch
Veröffentlicht: Košice 2025
Tags: Tag hinzufügen
Keine Tags, Fügen Sie das erste Tag hinzu!

MARC

LEADER 00000nbm a2200000 4500
001 0310929
005 20260203130422.5
041 0 |a slo 
044 |a SK 
245 1 0 |a Využívanie metód lokalizácie vo vybranej maloobchodnej prevádzke  |b bakalárska práca  |c Natália Ubrežiová ; školiteľ: Janka Kopčáková 
264 1 |a Košice  |c 2025 
300 |a 63 s. 
100 1 |a Ubrežiová, Natália 
700 1 |a Kopčáková, Janka, 1994- 
710 2 |a Podnikovohospodárska fakulta EU so sídlom v Košiciach. Katedra obchodného podnikania